000
00278nam a2200097Ia 4500
001
686095
005
20250826161530.0
008
250824s9999 xx 000 0 und d
245
0
_a
Korku Kültürü Niçin Mış Gibi Yaşıyoruz?
_c
DOĞAN CÜCELOĞLU
260
_b
REMZİ KİTABEVİ
999
_c
686095
_d
686095